| 000 | 00965am a2200325a 44500 | ||
|---|---|---|---|
| 003 | AR-BaBNM | ||
| 005 | 20251128204305.0 | ||
| 008 | 246119s1992 #AR|||||||||||000 | spa|| | ||
| 020 | _a0-8270-3158-0 | ||
| 040 | _cAR-BaBNM | ||
| 100 | 1 | _aRodríguez Persico, Adriana | |
| 245 | 1 | 0 |
_aUn huracán llamado progreso _butopía y autobiografía en Sarmiento y Alberdi. |
| 260 |
_aWashington, D.C. _bOEA _c1992 |
||
| 300 |
_a184 p. _bil. |
||
| 490 | 0 |
_aInteramer _vv. 22 |
|
| 504 | _aContiene bibliografía | ||
| 600 | 1 | 4 |
_aSarmiento, Domingo Faustino _d1868-1874 |
| 600 | 1 | 4 | _aAlberdi, Juan Bautista |
| 650 | 4 | _aHISTORIA ARGENTINA | |
| 650 | 4 | _aBIOGRAFIAS | |
| 650 | 4 | _aHISTORIA DE LAS IDEAS | |
| 650 | 4 | _aHISTORIA POLITICA | |
| 650 | 4 | _aORGANIZACION NACIONAL | |
| 650 | 4 | _aGENERACION DE 1837 | |
| 650 | 4 | _aESTADO | |
| 700 | 1 |
_aPaldao, Carlos E. _eprologuista |
|
| 710 | 2 |
_aOrganización de Estados Americanos _9OEA |
|
| 942 | _cBK | ||
| 998 | _cEnrique | ||
| 999 |
_c6882 _d6882 |
||